Mechanics /

Bibliographic Details
Main Author: Strelkov, S. P.
Format: Book
Language:English
Published: Moscow : Mir Publishers, 1978.
Subjects:

MARC

Tag First Indicator Second Indicator Subfields
LEADER 00000cam a2200000 i 4500
001 in00000073287
005 20151008052519.0
008 800111s1978 rura 00110 eng d
035 |a (OCoLC)05867746 
035 |9 AAH3681AM 
040 |a CLU  |c CLU  |d TXA  |d UtOrBLW 
049 |a TXAM  |c [1497504] 
090 |a QC125  |b .S8813 
100 1 |a Strelkov, S. P. 
240 1 0 |a Mekhanika.  |l English 
245 1 0 |a Mechanics /  |c S. P. Strelkov ; translated from the Russian by V. M. Volosov and I. G. Volosova. 
264 1 |a Moscow :  |b Mir Publishers,  |c 1978. 
300 |a 565 pages :  |b illustrations ;  |c 25 cm. 
336 |a text  |b txt  |2 rdacontent 
337 |a unmediated  |b n  |2 rdamedia 
338 |a volume  |b nc  |2 rdacarrier 
500 |a Revised translation of the 1975 edition of Mekhanika. 
500 |a Includes indexes. 
650 0 |a Mechanics. 
730 0 |a Mekhanika. 
999 |a MARS 
999 f f |s b88ed918-c7df-3c09-8ad7-57b4c2741b88  |i 6e3018f8-2377-30f5-97c3-fb399b48b8f4  |t 0 
952 f f |p normal  |a Texas A&M University  |b College Station  |c Sterling C. Evans Library  |d Evans: Library Stacks  |t 0  |e QC125 .S8813  |h Library of Congress classification  |i unmediated -- volume  |m A14804601091 
998 f f |a QC125 .S8813  |t 0  |l Evans: Library Stacks